000 00591nam a2200229Ia 4500
003 OSt
005 20220918200911.0
006 a|||||r|||| 00| 0
007 ta
008 220917b |||||||| |||| 00| 0 eng d
024 _a90,727
037 _cTextual
040 _aARTS
_cARTS
_beng
041 _2eng
_aeng
082 _aVv1:N3, H0
100 _aWilson Edmund
245 0 _aTo the Finland station
_b a study in the writing and acting of history
260 _c1940
650 _aHISTORY
942 _hVv1:N3, H0
_cTEXL
_2CC
999 _c214388
_d214388